000 00685cam a2200229 4500
001 45839
090 _a45839
100 _a19990108d1945 m y0pory50030103ba
101 1 _apor
102 _aPT
200 1 _aO ladrão voltou de madrugada
_fMarcel Damar
_gversão livre de Manuel Morais
210 9 _aLisboa
_cRomano Torres,
_d1945
215 _a182, [10] p.
_d19 cm
225 2 _aGrandes mistérios, grandes aventuras
_v15
304 _aTít. orig.: Un voleur à bord
317 _aArquivo da Editora Romano Torres
317 _aArquivo da Editora Romano Torres
675 _a821.133.1-312.4
700 1 _aDamar,
_bMarcel
702 1 _aMorais,
_bManuel
_4730
801 0 _aPT
_bBN
_gRPC
990 _cLIVROS